00978nam a2200253 i 4500001001000000003000400010005001700014007000300031008004100034040003000075082003100105100004300136245012900179250001900308264008800327300002800415336002800443337003300471338003000504490002300534500003500557650005400592651007800646000029920OSt20240417110103.0ta110427s1995 dr r 001 0bspa d aDO-SdBNPbspacBNPHUerda 4a972.93053bM516v, 19952221 aMejía, Félix A.,d1905-1962eautor10aVíacrucis de un pueblo :brelato sinóptico de la tragedia dominicana bajo al férula de Trujillo /cFélix A. Mejía. a3ª edición  aSanto Domingo, Republica Dominicana :bSociedad Dominicana de Bibliófilos,c1995. a288 páginas ;c24 cm. 2rdacontent atextobtxt 2rdamediaasin mediaciónbn 2rdacarrieravolumen bnc0 aCultura Dominicana aIncluye índice onomástico. 4aPersecusiones políticaszRepública Dominicana 4aRepública DominicanaxPolítica Y GobiernoyEra de Trujillo, 1930-1961